00679nam a2200241 a 4500001001300000003000900013005001700022008004100039020001000080082001600090100001900106245002000125260003500145300000800180500003500188505001900223650001800242700001900260902000800279942000700287952012800294999001500422nice12345678IN_TiNIC20260116012144.0050524s1957 hara grp 000 0 eng  ac10000a297.52bCRA aCragg, Kenneth aRamadan Prayers aHartford bNo Publisher c1957 a13p aincludes index and biblioraphy2 aReserve copies aIslam-Prayers1 aCragg, Kenneth bSRS cBK 001040708StackRoom-aHMIbHMId2007-07-04g100.00l1o297.52 CRAp05208r2018-03-13s2018-03-05v100.00w2005-05-24yBK c5864d5864